Návrh na zefektívnenie uplatňovania princípov rodovej rovnosti v riadení ľudských zdrojov v multikultúrnych priemyselných podnikoch

Salvato in:
Dettagli Bibliografici
Autore principale: Molnár, František Mark (Autore)
Altri autori: Cagáňová, Dagmar (Relatore della tesi)
Natura: Manoscritto Libro
Lingua:slovacco
Pubblicazione: 2022
Soggetti:
Accesso online:http://is.stuba.sk/zp/portal_zp.pl?podrobnosti=169975
Tags: Aggiungi Tag
Nessun Tag, puoi essere il primo ad aggiungerne!!

MARC

LEADER 00000ntm a22000003a 4500
001 stuzp90000
003 SK-STU
005 20220611213200.5
007 ta
008 150427s2015----xo-----f-mn---000-0-slo-d
040 |a STU  |b slo 
041 0 |a slo 
100 1 |a Molnár, František Mark  |u 064000  |4 aut  |U MTF Materiálovotechnologická fakulta  |T MTF Ústav priemyselného inžinierstva a manažmentu  |X 54948  |U M4000  |Y 84  |7 54948 
242 0 1 |a Proposal for improving gender principles utilization in human resource management in multicultural industrial enterprises  |y eng 
245 1 0 |a Návrh na zefektívnenie uplatňovania princípov rodovej rovnosti v riadení ľudských zdrojov v multikultúrnych priemyselných podnikoch 
260 |c 2022 
650 4 |a Diskriminácia na základe pohlavia  |2 slo 
650 4 |a Rodová rovnosť  |2 slo 
650 4 |a Rovnosť žien a mužov na pracovisku  |2 slo 
650 4 |a Riadenie ľudských zdrojov  |2 slo 
650 4 |a Interná smernica o rodovej rovnosti  |2 slo 
650 4 |a Discrimination based on gender  |2 eng 
650 4 |a Gender equality policy  |2 eng 
650 4 |a Gender equality  |2 eng 
650 4 |a Equality between women and men in the workplace  |2 eng 
650 4 |a Human resource management  |2 eng 
700 1 |a Cagáňová, Dagmar  |u 064000  |k Z1  |4 ths  |U MTF Materiálovotechnologická fakulta  |T MTF Ústav priemyselného inžinierstva a manažmentu  |X 2785  |U M4000  |Y 84  |7 A000002785 
856 4 |u http://is.stuba.sk/zp/portal_zp.pl?podrobnosti=169975 
996 |c M* DP-14980  |l MMSKP  |s P  |a 0  |w stuzp90000_0001